000 00618nam a22002177a 4500
001 29336
003 BD-RjUL
005 20211209051412.0
008 140403s1965 nyua|||| |||| 001 0 eng d
035 _a(BD-RjUL)29421
040 _aBD-RjUL
_beng
_cBD-RjUL
_dBD-RjUL
041 _aeng
082 0 4 _a150
_bNEW 1967
245 0 _aNew directions in psychology ll /
_cby Frank Barron...[et al]
260 _aNew York :
_bHolt Rinehart and Winston ,
_c1967.
300 _ax, 422p. :
_bill. ;
_c20cm.
504 _aInclude index
650 0 _aPsychology.
_989487
700 1 _aBarron, Frank
_989488
942 _2ddc
_cBK
_01
999 _c29336
_d29336